000 00316nam a22001337a 4500
008 171012b xxu||||| |||| 00| 0 eng d
020 _a9780072880410
041 _aeng
080 _23 ED
_a316
100 _a50
101 _aSOC
245 _aSOCIAL INEQUALITY PATERNS PROCESSES
_cMARGER.M.N
942 _2udc
_cBK
999 _c33456
_d33456